Кримінальна відповідальність за порушення законодавства про бюджетну систему України (Запис № 572451)

МАРК-запис
000 -Лідер
fixed length control field 02617nam a22002297a 4500
003 - Ідентифікатор контрольного номера
control field UA-OsUOA
005 - Дата та час останнього входження (трансакції)
control field 20220504214751.0
008 - Елементи даних фіксованої довжини – загальна інформація
fixed length control field 220504b un ||||| m||| 00| 0 ukr d
040 ## - Джерело каталогізації
Агенція оригінальної каталогізації UA-OsUOA
Мова каталогізації ukr
Агенція, яка здійснювала перезапис UA-OsUOA
Агенція, яка здійснювала модифікацію UA-OsUOA
041 ## - Код мови
Код мови тексту/ звукової доріжки чи окремого заголовка (П) ukr
080 ## - Індекс Універсальної десяткової класифікації
Індекс Універсальної десяткової класифікації (УДК) (НП) 343.37
090 ## - Локальний шифр розміщення
Класифікаційний індекс УДК 343.37
095 ## - Код спеціальності для авторефератів
Код спеціальності 12.00.08
Назва спеціальності кримінальне право і кримінологія; кримінально-виконавче право
100 ## - Основне введення – ім’я особи
Ім’я особи (НП) Тихонова О.В.
245 ## - Відомості про назву
Назва (НП) Кримінальна відповідальність за порушення законодавства про бюджетну систему України
Дані про відповідальність (НП) Тихонова Олена Вікторівна; наук. керівник Осадчий Володимир Іванович
260 ## - Публікація, розповсюдження і т.п. (Вихідні дані)
Місце публікації, розповсюдження і т.п. (П) Київ
Дата публікації, розповсюдження і т.п. (П) 2009
300 ## - Фізичний опис
Обсяг 20 с.
502 ## - Примітка про дисертацію
Зв'язок Автореферат дисертації на здобуття наукового ступеня кандидата юридичних наук<br/>
Наймення інституції, що представляється Київський національний університет внутрішніх справ
Рік отримання вченого ступеня 2009
520 ## - Резюме і т.п.
Резюме, реферат, анотація, тощо (НП) Дисертацію присвячено розв’язанню проблем кримінальної відповідальності за порушення законодавства про бюджетну систему України. Проаналізовано розвиток кримінального законодавства, що діяло на теренах України, та зарубіжного кримінального законодавства, яке встановлює кримінальну відповідальність за порушення законодавства про бюджетну систему. Детально розглянуто об'єктивні та суб'єктивні ознаки складу досліджуваного злочину. Доведено необхідність зміни назви статті та вдосконалено формулювання об'єктивних проявів злочину, передбаченого ст. 210 КК України. Обґрунтовано нове визначення предмета цього злочину та аргументовано необхідність заміни покарань, пов'язаних з впливом на волю особи, на покарання економічного характеру, які визначені в санкції зазначеної статті.
650 ## - Додаткове предметне введення – тематичний термін
Джерело заголовка чи терміна UDC
Тематичний термін чи географічна назва, як елемент введення (НП) 34 Право
942 ## - Додаткові елементи входу (Коха)
Source of classification or shelving scheme Universal Decimal Classification
Тип елемента Koha Автореферат

Немає доступних примірників.